Le spectacle de la nature, ou entrtiens sur les particularites de i´histoire naturelle (Record no. 6907)

MARC details
000 -CABECERA
campo de control de longitud fija 00660nam a2200217 a 4500
001 - NÚMERO DE CONTROL
campo de control BRCA_7226
005 - FECHA Y HORA DE LA ÚLTIMA TRANSACCIÓN
campo de control 20190320205746.0
008 - DATOS DE LONGITUD FIJA--INFORMACIÓN GENERAL
campo de control de longitud fija 180112s1749----fr-ab#####---#000-0#fre-#
041 ## - CÓDIGO DE LENGUA
Código de lengua del texto/banda sonora o título independiente fre
044 ## - CÓDIGO DEL PAÍS DE LA ENTIDAD EDITORA/PRODUCTORA
Código MARC del país fr
050 #4 - SIGNATURA TOPOGRÁFICA DE LA BIBLIOTECA DEL CONGRESO
Número de clasificación QH45
Número de documento/Ítem .S64
245 10 - MENCIÓN DE TÍTULO
Título Le spectacle de la nature, ou entrtiens sur les particularites de i´histoire naturelle
260 ## - PUBLICACIÓN, DISTRIBUCIÓN, ETC.
Lugar de publicación, distribución, etc. París
Nombre del editor, distribuidor, etc. V. Estienne & Fils
Fecha de publicación, distribución, etc. 1749
300 ## - DESCRIPCIÓN FÍSICA
Extensión 8 v.
Otras características físicas il., mapas
Dimensiones 17 cm.
500 ## - NOTA GENERAL
Nota general Con ex-libris de: Lewis Montoliew
500 ## - NOTA GENERAL
Nota general Estado físico: v. 1, 2, 3, 5, 8. tienen su encuadernación deteriorada.
500 ## - NOTA GENERAL
Nota general P126
650 14 - PUNTO DE ACCESO ADICIONAL DE MATERIA--TÉRMINO DE MATERIA
Término de materia o nombre geográfico como elemento de entrada Historia natural
9 (RLIN) 10072
902 ## - CATALOGADOR
Iniciales GFM
942 ## - ELEMENTOS DE PUNTO DE ACCESO ADICIONAL (KOHA)
Fuente del sistema de clasificación o colocación Library of Congress Classification
Tipo de ítem Koha Libros
Holdings
Estado de retiro Estado de pérdida Estado dañado No para préstamo Localización permanente Ubicación/localización actual Fecha de adquisición Número de inventario Total de préstamos Signatura topográfica completa Código de barras Fecha visto por última vez Precio válido a partir de Tipo de ítem Koha
El ejemplar forma parte de la colección y puede ser consultado según las políticas vigentes.       Biblioteca del Museo Franz Mayer (Rogerio Casas-Alatriste) Biblioteca del Museo Franz Mayer (Rogerio Casas-Alatriste) 18/01/2012 P126   QH45 .S64 (P126) 7684 22/03/2019 22/03/2019 Libros